Every World Cup Host in History - Statistics

General Stats
  • This quiz has been taken 22 times
  • The average score is 14 of 22
Answer Stats
Year Host % Correct
2022 Qatar
95%
2014 Brazil
90%
2018 Russia
90%
1930 Uruguay
90%
1998 France
81%
2006 Germany
81%
2010 South Africa
81%
2002 South Korea/Japan
76%
1994 United States
76%
1990 Italy
67%
1966 England
62%
1978 Argentina
57%
1986 Mexico
57%
1982 Spain
57%
1934 Italy
52%
1970 Mexico
52%
1974 West Germany
52%
1958 Sweden
48%
1954 Switzerland
48%
1950 Brazil
43%
1938 France
43%
1962 Chile
38%
No matching quizzes found
Score Distribution
Percent of People with Each Score
Percentile by Number Answered
Your Score History
You have not taken this quiz